000 00450nam a2200133 4500
005 20260212143441.0
008 260212b |||||||| |||| 00| 0 eng d
020 _a9789354666247
100 _aOchei J, and Kolhatkar A
245 _aTextbook of Medical Laboratory Science Theory and Practice
_c/J Ochei & A Kolhatkar
260 _aNew Delhi;
_bSatish Kuma Jain CBS Publishers and Distributors;
_c2024
300 _ax;1376p. ill;
_c24cm
942 _2lcc
_n0
_cBK
999 _c157
_d157